[Event "BCF-chT1a 1718 (4NCL)"]
[Site "England"]
[Date "2018.03.17"]
[Round "7.32"]
[White "Alsina Leal, Daniel"]
[Black "Eckersley Waites, Tom"]
[Result "1-0"]
[WhiteElo "2507"]
[BlackElo "2314"]
[PlyCount "91"]
[EventDate "2017.11.11"]
[EventType "team-swiss"]
[EventRounds "11"]
[EventCountry "ENG"]
[SourceTitle "EXT 2019"]
[Source "ChessBase"]
[SourceDate "2018.10.10"]
[SourceVersion "1"]
[SourceVersionDate "2018.10.10"]
[SourceQuality "1"]
[WhiteTeam "White Rose"]
[BlackTeam "Oxford"]
[WhiteTeamCountry "ENG"]
[BlackTeamCountry "ENG"]

1. e4 c5 2. Nf3 Nc6 3. Nc3 Nf6 4. Bb5 Qc7 5. 0-0 Nd4 6. Re1 a6 7. Bf1 d6 8. Nxd4 cxd4 9. Nd5 Qc6 10. c4 e5 11. f4 Be7 12. b4 Nxd5 13. exd5 Qb6 14. fxe5 0-0 15. exd6 Bf6 16. Bd3 Bd7 17. Qh5 h6 18. a3 Qxd6 19. c5 Qc7 20. d6 Qc8 21. Bb2 a5 22. b5 Bg5 23. Qf3 Qxc5 24. Qxb7 Qxd6 25. Qe4 g6 26. Qxd4 Qxd4+ 27. Bxd4 Bxd2 28. Red1 Bf4 29. g3 Bg5 30. h4 Be7 31. Be3 Rfd8 32. Bf1 Bf6 33. Rac1 Bb2 34. Rb1 Be5 35. Bg2 Bg4 36. Rdc1 Rab8 37. Ba7 Bxg3 38. Bxb8 Bxb8 39. b6 Bf4 40. Rf1 g5 41. Rxf4 gxf4 42. b7 Rb8 43. Be4 Be2 44. Rb6 Kg7 45. Kf2 f3 46. h5 1-0

[Event "BCF-chT1b 1617 (4NCL)"]
[Site "England"]
[Date "2017.01.15"]
[Round "4.53"]
[White "Edouard, Romain"]
[Black "Eckersley Waites, Tom"]
[Result "1/2-1/2"]
[WhiteElo "2628"]
[BlackElo "2306"]
[PlyCount "168"]
[EventDate "2016.11.19"]
[EventType "team-tourn"]
[EventRounds "7"]
[EventCountry "ENG"]
[SourceTitle "EXT 2018"]
[Source "ChessBase"]
[SourceDate "2017.10.13"]
[SourceVersion "1"]
[SourceVersionDate "2017.10.13"]
[SourceQuality "1"]
[WhiteTeam "Guildford"]
[BlackTeam "Oxford"]
[WhiteTeamCountry "ENG"]
[BlackTeamCountry "ENG"]

1. d4 Nf6 2. c4 e6 3. Nc3 Bb4 4. Nf3 d5 5. cxd5 exd5 6. Bg5 Nbd7 7. e3 c5 8. Be2 Qa5 9. 0-0 Bxc3 10. bxc3 Ne4 11. c4 Nc3 12. Qe1 Nxe2+ 13. Qxe2 dxc4 14. Qxc4 cxd4 15. Qxd4 0-0 16. Rfc1 b6 17. Rxc8 Rfxc8 18. Qxd7 Qxa2 19. Qd4 Rc4 20. Kf1 Qb3 21. Nd2 Rxd4 22. Nxb3 Rd5 23. Be7 a5 24. Nd4 f5 25. g3 Re8 26. Ba3 b5 27. Bb2 b4 28. Ke2 Rc8 29. Bc1 Kf7 30. Bd2 Rb8 31. Nb3 Rbb5 32. h4 h6 33. h5 Kf6 34. Bc1 Kf7 35. Bb2 f4 36. exf4 Rxh5 37. Bd4 g6 38. Kd3 Rb8 39. Kc4 Ra8 40. Nc5 Rf5 41. Be5 h5 42. Rd1 Ra7 43. Rd8 g5 44. Rh8 gxf4 45. Rh7+ Kg8 46. Rh8+ Kf7 47. Rh7+ Kg8 48. Rxa7 Rxe5 49. gxf4 Rf5 50. Ne6 h4 51. Rg7+ Kh8 52. Rg4 Rh5 53. f5 h3 54. f6 Rf5 55. Rg6 h2 56. Rh6+ Kg8 57. Rxh2 Rxf6 58. Nd4 Rf4 59. f3 a4 60. Ra2 a3 61. Rd2 Kf7 62. Kd3 b3 63. Nxb3 Rxf3+ 64. Kc4 Rf4+ 65. Nd4 Rf6 66. Ra2 Ra6 67. Nb5 Kf6 68. Nxa3 Ra4+ 69. Kb5 Ra8 70. Rf2+ Ke6 71. Nc4 Rb8+ 72. Nb6 Ke5 73. Kc5 Ke4 74. Ra2 Kd3 75. Ra3+ Ke4 76. Ra4+ Kf5 77. Nc4 Ke6 78. Nd6 Rb1 79. Re4+ Kf6 80. Kc6 Rc1+ 81. Kd7 Rd1 82. Re2 Ra1 83. Ne4+ Kf5 84. Nc5 Kf6 1/2-1/2

[Event "BCF-chT1d 1516 (4NCL) Demotion pool"]
[Site "England"]
[Date "2016.05.02"]
[Round "11.163"]
[White "Eckersley Waites, Tom"]
[Black "Roberson, Peter T"]
[Result "0-1"]
[WhiteElo "2312"]
[BlackElo "2408"]
[PlyCount "66"]
[EventDate "2015.11.14"]
[EventType "team-tourn"]
[EventRounds "4"]
[EventCountry "ENG"]
[SourceTitle "EXT 2017"]
[Source "ChessBase"]
[SourceDate "2016.10.25"]
[SourceVersion "1"]
[SourceVersionDate "2016.10.25"]
[SourceQuality "1"]
[WhiteTeam "Oxford"]
[BlackTeam "Grantham Sharks"]
[WhiteTeamCountry "ENG"]
[BlackTeamCountry "ENG"]

1. e4 e6 2. d4 d5 3. Nc3 Nf6 4. Bg5 dxe4 5. Nxe4 Be7 6. Bxf6 gxf6 7. Qd3 Nc6 8. 0-0-0 Nb4 9. Qf3 Nxa2+ 10. Kb1 f5 11. Ng3 Nb4 12. d5 exd5 13. c3 f4 14. cxb4 fxg3 15. Rxd5 Bd6 16. Bc4 Be6 17. hxg3 Qe7 18. Rh4 0-0-0 19. Re4 Bxd5 20. Bxd5 Qd7 21. Bxf7 Kb8 22. Qb3 Bxg3 23. Nh3 Qf5 24. Qe6 Qb5 25. Qc4 Rd1+ 26. Kc2 Qa4+ 27. Qb3 Qa1 28. Qe3 Qb1+ 29. Kc3 Rhd8 30. Bc4 Rc1+ 31. Kb3 Qc2+ 32. Ka2 Qa4+ 33. Qa3 Qd1 0-1

[Event "BCF-chT1d 1314 (4NCL) Demotion pool"]
[Site "England"]
[Date "2014.05.05"]
[Round "11.164"]
[White "Camus de Solliers, Guillaume"]
[Black "Eckersley Waites, Tom"]
[Result "1-0"]
[WhiteElo "2351"]
[BlackElo "2274"]
[PlyCount "117"]
[EventDate "2013.11.16"]
[EventType "team-tourn"]
[EventRounds "4"]
[EventCountry "ENG"]
[SourceTitle "EXT 2015"]
[Source "ChessBase"]
[SourceDate "2014.11.20"]
[SourceVersion "1"]
[SourceVersionDate "2014.11.20"]
[SourceQuality "1"]
[WhiteTeam "Cambridge"]
[BlackTeam "Oxford"]
[WhiteTeamCountry "ENG"]
[BlackTeamCountry "ENG"]

1. d4 d5 2. c4 e6 3. Nc3 c5 4. cxd5 exd5 5. Nf3 Nc6 6. g3 Nf6 7. Bg2 Be7 8. 0-0 0-0 9. Bg5 c4 10. Ne5 Be6 11. Nxc6 bxc6 12. b3 h6 13. Bxf6 Bxf6 14. Rc1 Rc8 15. bxc4 dxc4 16. e3 Qa5 17. Qa4 Qxa4 18. Nxa4 Be7 19. Rc2 Ba3 20. Rd1 Rc7 21. Bf1 c5 22. d5 Bg4 23. Be2 Bd7 24. Nc3 Rb7 25. Bxc4 Rb4 26. Bd3 Rfb8 27. Rdd2 Bh3 28. f3 c4 29. Be2 Bf5 30. e4 Bh3 31. f4 g5 32. Kf2 Rb1 33. Nxb1 Bc5+ 34. Ke1 Rxb1+ 35. Bd1 Bg4 36. Rxc4 Be3 37. Rcd4 Kf8 38. e5 gxf4 39. gxf4 Bxd2+ 40. Rxd2 Ke7 41. h3 Bxd1 42. d6+ Kd7 43. Rxd1 Rb4 44. Rc1 Rxf4 45. Rc7+ Kd8 46. Re7 a5 47. Ke2 a4 48. Ke3 Rf1 49. Ke4 a3 50. Ra7 Re1+ 51. Kd5 Rd1+ 52. Kc4 Re1 53. Kd4 Rd1+ 54. Kc4 Re1 55. Re7 Rf1 56. Kb3 Rf3+ 57. Kb4 Rxh3 58. Rxf7 Re3 59. Kc5 1-0

[Event "BCF-chT2c 1213 (4NCL) Promotion pool"]
[Site "England"]
[Date "2013.05.05"]
[Round "10.12"]
[White "Longson, Alexander"]
[Black "Eckersley Waites, Tom"]
[Result "1/2-1/2"]
[WhiteElo "2270"]
[BlackElo "2261"]
[PlyCount "108"]
[EventDate "2012.11.13"]
[EventType "team-tourn"]
[EventRounds "4"]
[EventCountry "ENG"]
[SourceTitle "EXT 2014"]
[Source "ChessBase"]
[SourceDate "2013.11.20"]
[SourceVersion "1"]
[SourceVersionDate "2013.11.20"]
[SourceQuality "1"]
[WhiteTeam "3CS Oldham"]
[BlackTeam "Oxford"]
[WhiteTeamCountry "ENG"]
[BlackTeamCountry "ENG"]

1. e4 e5 2. Nf3 Nc6 3. Bb5 a6 4. Ba4 Nf6 5. 0-0 Be7 6. Re1 b5 7. Bb3 d6 8. c3 0-0 9. h3 Qd7 10. d4 Re8 11. Nbd2 Bf8 12. d5 Nd8 13. Nf1 h6 14. a4 Bb7 15. axb5 axb5 16. Rxa8 Bxa8 17. Ng3 c6 18. dxc6 Bxc6 19. Nh2 Nb7 20. Ng4 Nxg4 21. hxg4 Nc5 22. Bc2 Qb7 23. b4 Ne6 24. Nf5 d5 25. exd5 Bxd5 26. Rxe5 Bxg2 27. Qd3 g6 28. Nxh6+ Bxh6 29. Bxh6 Bf3 30. Qxb5 Qa8 31. Re1 Kh7 32. Bc1 Qc8 33. Qh5+ Kg8 34. Bxg6 fxg6 35. Qxg6+ Ng7 36. Rxe8+ Qxe8 37. Qxe8+ Nxe8 38. g5 Nd6 39. Be3 Kf7 40. Kf1 Nc4 41. Kg1 Nxe3 42. fxe3 Kg6 43. Kf2 Be4 44. Ke2 Kxg5 45. Kd2 Kf5 46. c4 Ke5 47. Kc3 Bg2 48. b5 Ke4 49. Kb4 Kxe3 50. Kc5 Kd3 51. b6 Bb7 52. Kb4 Bc6 53. Kc5 Bb7 54. Kb5 Kd4 1/2-1/2

[Event "BCF-chTd 1112 (4NCL)"]
[Site "England"]
[Date "2012.04.01"]
[Round "8.53"]
[White "Eckersley Waites, Tom"]
[Black "Richardson, John R"]
[Result "0-1"]
[WhiteElo "2267"]
[BlackElo "2330"]
[PlyCount "118"]
[EventDate "2011.11.12"]
[EventType "team-swiss"]
[EventRounds "11"]
[EventCountry "ENG"]
[SourceTitle "EXT 2013"]
[Source "ChessBase"]
[SourceDate "2012.11.22"]
[SourceVersion "1"]
[SourceVersionDate "2012.11.22"]
[SourceQuality "1"]
[WhiteTeam "Oxford"]
[BlackTeam "The ADS"]
[WhiteTeamCountry "ENG"]
[BlackTeamCountry "ENG"]

1. d4 Nf6 2. c4 e6 3. Nc3 Bb4 4. Nf3 d5 5. cxd5 exd5 6. Bg5 c5 7. e3 Nbd7 8. Bd3 c4 9. Bf5 Bxc3+ 10. bxc3 Qa5 11. 0-0 0-0 12. Qc2 Re8 13. Nd2 g6 14. Bh3 Ne4 15. Nxe4 dxe4 16. Bxd7 Bxd7 17. Bf4 Re6 18. Rab1 Bc6 19. Rb4 Qd5 20. f3 Rae8 21. Be5 exf3 22. gxf3 f5 23. Qe2 b5 24. e4 fxe4 25. fxe4 Qd8 26. Qf3 Qg5+ 27. Kh1 Rxe5 28. dxe5 Qxe5 29. Qf7+ Kh8 30. Qf6+ Qxf6 31. Rxf6 a5 32. Rb2 Bxe4+ 33. Kg1 b4 34. Rbf2 bxc3 35. Rf8+ Rxf8 36. Rxf8+ Kg7 37. Rf1 g5 38. Kf2 h5 39. Ke3 Bd3 40. Rc1 c2 41. Kd2 g4 42. Re1 Kf6 43. Re8 h4 44. Rg8 Kf5 45. Ra8 g3 46. hxg3 hxg3 47. Rxa5+ Kf4 48. Ra8 Bf5 49. Rg8 Kf3 50. Rf8 g2 51. Rxf5+ Kg4 52. Rf7 c1Q+ 53. Kxc1 g1Q+ 54. Kc2 Qd4 55. a3 Qd3+ 56. Kc1 Qxa3+ 57. Kb1 Qd3+ 58. Kc1 Qd4 59. Kc2 c3 0-1

[Event "London Classic op"]
[Site "London"]
[Date "2011.12.04"]
[Round "2"]
[White "Eriksen, Magnus"]
[Black "Eckersley Waites, Tom"]
[Result "0-1"]
[WhiteElo "2063"]
[BlackElo "2276"]
[PlyCount "120"]
[EventDate "2011.12.03"]
[EventType "swiss"]
[EventRounds "9"]
[EventCountry "ENG"]
[SourceTitle "CBM 145 Extra"]
[Source "ChessBase"]
[SourceDate "2012.01.03"]
[SourceVersion "1"]
[SourceVersionDate "2012.01.03"]
[SourceQuality "1"]

1. e4 e5 2. Nf3 Nc6 3. Bb5 a6 4. Ba4 Nf6 5. Qe2 b5 6. Bb3 Be7 7. 0-0 0-0 8. c3 d6 9. Rd1 Na5 10. Bc2 c5 11. d4 Qc7 12. d5 g6 13. Bh6 Re8 14. h3 Nh5 15. Nh2 Bf6 16. Ng4 Bh8 17. Nd2 Bd7 18. Qf3 Qd8 19. g3 Bg7 20. Be3 Rf8 21. Nh6+ Bxh6 22. Bxh6 Ng7 23. Qg2 f5 24. exf5 gxf5 25. f4 Qf6 26. Bg5 Qg6 27. Re1 Rae8 28. Bh4 exf4 29. gxf4 Nh5 30. Qxg6+ hxg6 31. Be7 Nxf4 32. Bxf8 Kxf8 33. Rxe8+ Kxe8 34. Re1+ Kf7 35. h4 Nxd5 36. Nf3 Kf6 37. Kf2 Nc6 38. Rd1 Be6 39. a4 Ne5 40. axb5 axb5 41. Bb3 c4 42. Bc2 Nxf3 43. Kxf3 b4 44. cxb4 Nxb4 45. Bb1 d5 46. Kf4 Na6 47. Bc2 Nc5 48. Rg1 Bf7 49. Ra1 Ne6+ 50. Kg3 d4 51. Ra6 d3 52. Bd1 Ke5 53. Ra7 Be8 54. Re7 Bc6 55. Ra7 Nc5 56. Re7+ Kd4 57. Kf2 Ne4+ 58. Kf1 f4 59. Rc7 Bd5 60. Rd7 f3 0-1

[Event "BCF-chT1d 0910 (4NCL) Demotion pool"]
[Site "England"]
[Date "2010.05.02"]
[Round "10.4"]
[White "Eckersley Waites, Tom"]
[Black "Rosen, Daniel B"]
[Result "1-0"]
[WhiteElo "2247"]
[BlackElo "2145"]
[PlyCount "63"]
[EventDate "2009.10.24"]
[EventType "team-tourn"]
[EventRounds "4"]
[EventCountry "ENG"]
[SourceTitle "EXT 2011"]
[Source "ChessBase"]
[SourceDate "2010.11.26"]
[SourceVersion "1"]
[SourceVersionDate "2010.11.26"]
[SourceQuality "1"]
[WhiteTeam "Oxford"]
[BlackTeam "Poisoned Pawns"]
[WhiteTeamCountry "ENG"]
[BlackTeamCountry "ENG"]

1. d4 f5 2. g3 Nf6 3. Bg2 e6 4. c4 Be7 5. Nf3 0-0 6. 0-0 d5 7. Qc2 c6 8. Ne5 Bd7 9. Nd2 Na6 10. Ndf3 Be8 11. cxd5 Nxd5 12. e4 fxe4 13. Qxe4 Nf6 14. Qe2 Nc7 15. Nd3 Nfd5 16. Nfe5 Nb4 17. Nxb4 Bxb4 18. Qg4 Qf6 19. Be4 Be7 20. h4 h6 21. Qh3 Bd6 22. Bg5 Bxe5 23. Bxf6 Bxf6 24. Rad1 Rd8 25. Qg4 Bf7 26. Bc2 h5 27. Qe4 g6 28. g4 Rd5 29. Qf4 Ne8 30. Be4 Rb5 31. a4 Rxb2 32. gxh5 1-0

[Event "BCF-chT1a 0910 (4NCL)"]
[Site "England"]
[Date "2010.02.21"]
[Round "6.6"]
[White "Eckersley Waites, Tom"]
[Black "Naylor, John"]
[Result "1-0"]
[WhiteElo "2247"]
[BlackElo "2189"]
[PlyCount "61"]
[EventDate "2009.10.24"]
[EventType "team-tourn"]
[EventRounds "7"]
[EventCountry "ENG"]
[SourceTitle "EXT 2011"]
[Source "ChessBase"]
[SourceDate "2010.11.26"]
[SourceVersion "1"]
[SourceVersionDate "2010.11.26"]
[SourceQuality "1"]
[WhiteTeam "Oxford"]
[BlackTeam "Jutes of Kent"]
[WhiteTeamCountry "ENG"]
[BlackTeamCountry "ENG"]

1. d4 Nf6 2. c4 c5 3. d5 b5 4. cxb5 a6 5. bxa6 g6 6. Nc3 Bxa6 7. Nf3 d6 8. g3 Bg7 9. Bg2 Nbd7 10. Rb1 Nb6 11. b3 0-0 12. 0-0 Bc8 13. Nh4 h6 14. Qc2 Qd7 15. Bb2 g5 16. Nf3 Qf5 17. e4 Qg6 18. Qd2 Nh5 19. Rfe1 f5 20. exf5 Bxf5 21. Ra1 Bg4 22. Re3 Nf4 23. gxf4 gxf4 24. Re6 Bxe6 25. dxe6 Qxe6 26. Re1 Qd7 27. Nd5 Nxd5 28. Qxd5+ Kh8 29. Bxg7+ Kxg7 30. Nh4 Rxa2 31. Bh3 1-0

[Event "BCF-chT2c 0809 (4NCL) Promotion pool"]
[Site "Hinckley Island"]
[Date "2009.05.03"]
[Round "10.7"]
[White "Eckersley Waites, Tom"]
[Black "Hill, David F"]
[Result "1-0"]
[WhiteElo "2224"]
[BlackElo "2063"]
[PlyCount "79"]
[EventDate "2008.10.04"]
[EventType "team-tourn"]
[EventRounds "4"]
[EventCountry "ENG"]
[SourceTitle "EXT 2010"]
[Source "ChessBase"]
[SourceDate "2010.11.25"]
[SourceVersion "1"]
[SourceVersionDate "2010.11.25"]
[SourceQuality "1"]
[WhiteTeam "Oxford"]
[BlackTeam "Guildford III"]
[WhiteTeamCountry "ENG"]
[BlackTeamCountry "ENG"]

1. d4 Nf6 2. c4 c5 3. Nf3 cxd4 4. Nxd4 e6 5. g3 a6 6. Bg2 Qc7 7. Nc3 Qxc4 8. Bg5 Qc7 9. Rc1 Nc6 10. 0-0 Be7 11. e4 0-0 12. Re1 Qa5 13. Nxc6 bxc6 14. e5 Nd5 15. Qh5 Bxg5 16. Qxg5 Nxc3 17. Rxc3 d5 18. Rec1 Qxa2 19. Qe3 Rb8 20. Rxc6 Bd7 21. Rc7 Bb5 22. Qa3 Qxa3 23. bxa3 g6 24. R1c5 Bc4 25. h4 Rb1+ 26. Kh2 Rb5 27. R5c6 Rb2 28. Kg1 Rfb8 29. h5 Rb1+ 30. Kh2 R1b2 31. h6 Re8 32. Kg1 Rb1+ 33. Kh2 Rbb8 34. f4 Bb5 35. Rd6 Red8 36. a4 Bxa4 37. Rxa6 Be8 38. Bf1 Ra8 39. Rd6 Rac8 40. Ba6 1-0